|
|
|
|
| LEADER |
01161nam a22002297a 4500 |
| 001 |
33732 |
| 003 |
BD-DhAAL |
| 005 |
20181206111921.0 |
| 008 |
170918s2018 bg a a0ben d |
| 999 |
|
|
|c 40017
|d 40017
|
| 040 |
|
|
|a BD-DhAAL
|c BD-DhAAL
|
| 082 |
0 |
0 |
|a 330.09549205
|2 22
|
| 245 |
0 |
0 |
|a বাংলাদেশ অর্থনৈতিক সমীক্ষা ২০১৮ /
|
| 260 |
|
|
|a ঢাকা :
|b অর্থ বিভাগ, অর্থ মন্ত্রণালয়,
|c ২০১৮
|
| 300 |
|
|
|a xxv, ৩১০ পৃষ্ঠা :
|c ২৮ সে.মি.
|b চিত্র ;
|
| 526 |
|
|
|a AAL
|
| 541 |
1 |
|
|e 33732
|a Development Book Agency
|
| 650 |
|
0 |
|a Bangladesh
|x Economic conditions
|v Periodicals
|9 3801
|
| 710 |
2 |
|
|a অর্থ বিভাগ, অর্থমন্ত্রণালয়
|b অর্থনৈতিক উপদেষ্টা অনুবিভাগ
|9 3802
|
| 852 |
1 |
|
|a Ayesha Abed Library
|j General shelf
|
| 942 |
|
|
|2 ddc
|c BK
|
| 952 |
|
|
|0 0
|1 0
|2 ddc
|4 0
|6 330_095492050000000_BAN
|7 0
|9 64301
|a BRACUL
|b BRACUL
|c GEN
|d 2018-08-28
|e Development Book Agency
|g 350.00
|l 0
|o 330.09549205 BAN
|p 3010033732
|r 2018-08-28
|t 1
|v 350.00
|w 2018-08-28
|y BK
|